| 000 | 004540000a22001690004500 | ||
|---|---|---|---|
| 003 | MACL | ||
| 005 | 20150816132140.0 | ||
| 008 | 150816b xxu||||| |||| 00| 0 eng d | ||
| 040 |
_aMACL _cMACL |
||
| 041 | _aEnglish | ||
| 082 | _a529 | ||
| 100 |
_aInstitute for Evoluationary Resesrch _95854 |
||
| 245 |
_aMother's Agenda _b5 1964 |
||
| 260 |
_bInstitute for Evoluationary Resesrch _c1988 _aNew York |
||
| 650 |
_aCrenelogy _95856 |
||
| 942 |
_cBK _k529 _2ddc |
||
| 999 |
_c4446 _d4446 |
||